University Home | Library Home | Institutional Repository

The writer's idea book/ (Record no. 122571)

MARC details
000 -LEADER
fixed length control field 00444cam a2200157 4500
008 - FIXED-LENGTH DATA ELEMENTS--GENERAL INFORMATION
fixed length control field 141016n 000 0 eng u
020 ## - INTERNATIONAL STANDARD BOOK NUMBER
International Standard Book Number 9781582971797
035 ## - SYSTEM CONTROL NUMBER
System control number (Sirsi) a185651
050 ## - LIBRARY OF CONGRESS CALL NUMBER
Classification number PN 147 HEF 2000
100 ## - MAIN ENTRY--PERSONAL NAME
Personal name Heffron, Jack
245 ## - TITLE STATEMENT
Title The writer's idea book/
Statement of responsibility, etc. by Jack Heffron
260 ## - PUBLICATION, DISTRIBUTION, ETC.
Place of publication, distribution, etc. Cincinnati, Ohio:
Name of publisher, distributor, etc. F+W Publications,
Date of publication, distribution, etc. 2000.
504 ## - BIBLIOGRAPHY, ETC. NOTE
Bibliography, etc. note Includes index
650 ## - SUBJECT ADDED ENTRY--TOPICAL TERM
Topical term or geographic name entry element Authorship
650 ## - SUBJECT ADDED ENTRY--TOPICAL TERM
Topical term or geographic name entry element Creative writing

No items available.

© 2026 - The University of Zambia Library - Koha v25.11